000 01982cam a22004217a 4500
001 1185
005 20231123160004.0
020 _a9780439793827
040 _aDVA
_beng
_cDVA
_dBAKER
_dLEO
_dBTCTA
_dJAO
_dUPZ
_dOCLCQ
_dOCL
_dEHH
_dCQU
_dOCLCQ
_dDAD
_dCGB
_dOCLCO
_dOCLCF
_dOCLCO
_dDLC
050 0 0 _aPZ7.M59433
_bRas 2007
082 0 4 _a813.00
_222
100 1 _aMiles, Ellen
245 1 0 _aRascal /
_cEllen Miles.
250 _aFirst printing, April 2006
260 _aNew York :
_bScholastic,
_c2006
300 _a74 pages :
_c20 cm
_billustrations ;
490 1 _aThe puppy place
500 _a"Where every puppy finds a home"--Cover.
505 _aO
520 _aLizzie and Charles Peterson love dogs, especially puppies. So it is perfect that the Petersons are a foster family for young dogs. They will adopt a pet of their own one day, but now they are happy to help puppies find just the right home. The Petersons' newest foster puppy is Rascal. He is a Jack Russell terrier, and his name fits him well. He may be small, but he can cause big trouble. Lizzie and Charles are in for a challenge. Will they be able to find someone who will care for this pesky little puppy?
521 0 _a600
_bLexile
521 2 _aX
_bRaz-Plus
650 0 _aPuppies
_vJuvenile fiction.
650 0 _aJack Russell terrier
_vJuvenile fiction.
650 0 _aDogs
_vJuvenile fiction.
650 0 _aDog rescue
_vJuvenile fiction.
650 0 _aFoster care of animals
_vJuvenile fiction.
650 1 _aDogs
_vFiction.
650 7 _aDog rescue.
_2fast
_0(OCoLC)fst00896204
650 7 _aDogs.
_2fast
_0(OCoLC)fst00896265
650 7 _aFoster care of animals.
_2fast
_0(OCoLC)fst00933177
650 7 _aJack Russell terrier.
_2fast
_0(OCoLC)fst00980978
650 7 _aPuppies.
_2fast
_0(OCoLC)fst01084244
655 7 _aFiction.
_2fast
_0(OCoLC)fst01423787
655 7 _aJuvenile works.
_2fast
_0(OCoLC)fst01411637
906 _a7
_bcbc
_ccopycat
_d2
_encip
_f20
_gy-gencatlg
942 _2ddc
_cBK
_n0
999 _c1185
_d1185